[Event "ChessOrg Schachfestival 2024 Bad Wörishofen"]
[White "Heid, Michael"]
[Black "Di Lazzaro, Gabriele"]
[Site "Bad Woerishofen"]
[Round "5.34"]
[Annotator "wempe"]
[Result "1-0"]
[Date "2024.??.??"]
[WhiteElo "1944"]
[BlackElo "1880"]
[PlyCount "123"]
[GameId "2104528186283699"]
[EventDate "2024.03.12"]

1. d4 d5 2. Nf3 c6 3. c3 Bg4 4. Ne5 Bf5 5. Nd2 Nd7 6. Ndf3 Nxe5 7. dxe5 e6 8. Nd4 Bg6 9. h4 h5 10. Qb3 Qc7 11. Bf4 Ne7 12. e3 Nf5 13. Be2 Be7 14. g3 Qb6 15. O-O Qxb3 16. axb3 Nxd4 17. exd4 a6 18. b4 Kd7 19. Rfc1 f6 20. Ra4 Bf5 21. Raa1 g5 22. exf6 gxf4 23. fxe7 fxg3 24. fxg3 Rag8 25. Kh2 Kxe7 26. Rf1 Rg7 27. Rae1 Kd6 28. Bd1 Rhg8 29. Re3 Rh8 30. Re5 Rhg8 31. Re3 Rh8 32. Bf3 Rh6 33. Be2 Rhh7 34. Re5 Rh8 35. Rf3 Rh6 36. Bd3 Bxd3 37. Rxd3 Rf7 38. Kg2 Rff6 39. Rde3 Rf7 40. Re2 Rff6 41. Rg5 Rf7 42. Ree5 Rfh7 43. b3 Kd7 44. Rg8 Rf7 45. Reg5 Rhh7 46. R8g6 Kd6 47. Re5 Re7 48. Rgg5 b6 49. Rxh5 Rxh5 50. Rxh5 c5 51. Re5 cxb4 52. cxb4 Rc7 53. Re3 Rc2+ 54. Kf3 Rd2 55. Kf4 Rxd4+ 56. Kg5 Rd1 57. h5 d4 58. Rf3 d3 59. h6 Ke5 60. Kg6 Ke4 61. Rf4+ Ke3 62. h7 1-0

[Event "ChessOrg Schachfestival 2024 Bad Wörishofen"]
[White "Eschle, Hubert"]
[Black "Wuest, Klaus"]
[Site "Bad Woerishofen"]
[Round "5.35"]
[Annotator "wempe"]
[Result "0-1"]
[Date "2024.??.??"]
[WhiteElo "1860"]
[BlackElo "1937"]
[PlyCount "80"]
[GameId "2104529139095229"]
[EventDate "2024.03.12"]

1. e4 e5 2. Nf3 Nc6 3. Bb5 a6 4. Ba4 Nf6 5. d3 b5 6. Bb3 Be7 7. c3 d6 8. O-O O-O 9. h3 Bb7 10. Re1 Na5 11. Bc2 Re8 12. b4 Nc6 13. Nbd2 a5 14. bxa5 Rxa5 15. Nf1 Qd7 16. Ng3 g6 17. Bb3 Bf8 18. Bg5 Bg7 19. Nh4 h6 20. Bd2 Kh7 21. d4 exd4 22. cxd4 Raa8 23. Bc3 b4 24. Bb2 Na5 25. d5 Nxb3 26. Qxb3 Rab8 27. Qf3 Nh5 28. Nxh5 Bxb2 29. Rab1 Bg7 30. Nf6+ Bxf6 31. Qxf6 Ba6 32. Qd4 Qb5 33. Rec1 Rb7 34. Rb3 Re7 35. a3 Qa4 36. Rcb1 Qe8 37. Rxb4 Rxe4 38. Qxe4 Qxe4 39. Rxe4 Rxb1+ 40. Kh2 Rc1 $6 0-1

[Event "ChessOrg Schachfestival 2024 Bad Wörishofen"]
[White "Cerpnjak, Mirko"]
[Black "Bauer, Wolfgang"]
[Site "Bad Woerishofen"]
[Round "5.36"]
[Annotator "wempe"]
[Result "1/2-1/2"]
[Date "2024.??.??"]
[WhiteElo "1839"]
[BlackElo "1936"]
[PlyCount "85"]
[GameId "2104529710728902"]
[EventDate "2024.03.12"]

1. d4 d5 2. Nf3 e6 3. e3 Nf6 4. Bd3 Be7 5. b3 b6 6. O-O O-O 7. Nbd2 Bb7 8. Bb2 Ne4 9. Rc1 Nd7 10. Ne5 f5 11. f3 Nxd2 12. Qxd2 Nxe5 13. dxe5 c5 14. Rfd1 Qe8 15. Qe2 Rd8 16. c3 Qh5 17. a4 f4 18. exf4 Rxf4 19. Rf1 Rdf8 20. Rc2 g5 21. Bc1 R4f7 22. c4 d4 23. Be4 Bxe4 24. Qxe4 Rd8 25. Rd2 d3 26. Rdd1 Rd4 27. Qe3 g4 28. fxg4 Qxg4 29. Rf3 Rg7 30. Qf2 h5 31. Rdxd3 Bh4 32. g3 Rxd3 33. Rxd3 Rf7 34. Bf4 Bg5 35. Rf3 h4 36. Kf1 Bxf4 37. gxf4 Qf5 38. Qxh4 Qb1+ 39. Qe1 Qc2 40. Qe2 Qc1+ 41. Qe1 Qc2 42. Qe2 Qc1+ 43. Qe1 1/2-1/2

[Event "ChessOrg Schachfestival 2024 Bad Wörishofen"]
[White "McAndrew, Robert"]
[Black "Wagner, Werner"]
[Site "Bad Woerishofen"]
[Round "5.37"]
[Annotator "wempe"]
[Result "1-0"]
[Date "2024.??.??"]
[WhiteElo "1935"]
[BlackElo "1862"]
[PlyCount "89"]
[GameId "2104531356096210"]
[EventDate "2024.03.12"]

1. c4 Nf6 2. g3 g6 3. Bg2 Bg7 4. Nc3 O-O 5. d4 d6 6. e3 Nbd7 7. Nge2 e5 8. O-O c6 9. b3 Ng4 10. h3 Nh6 11. Ba3 exd4 12. Nxd4 Qa5 13. Bb2 Rd8 14. Rc1 Nf8 15. Rc2 f5 16. f4 Nf7 17. a3 Qc7 18. Kh2 Qe7 19. Re1 Re8 20. Rce2 Bd7 21. Qd2 g5 22. e4 gxf4 23. gxf4 Qh4 24. Nf3 Qh5 25. e5 Re6 26. Nd4 Rg6 27. e6 Nh6 28. exd7 Qh4 29. Nf3 Qg3+ 30. Kh1 Rd8 31. Nd1 Nf7 32. Bxg7 Kxg7 33. Qd4+ Kg8 34. Qf2 Qxf4 35. Nd4 Qxf2 36. Rxf2 Rxd7 37. Nxf5 Kh8 38. Re8 Rd8 39. Rxd8 Nxd8 40. Ne7 Kg7 41. Nxg6 Nxg6 42. Be4 Ne5 43. Ne3 Ne6 44. Nf5+ Kf8 45. Nxd6+ 1-0

[Event "ChessOrg Schachfestival 2024 Bad Wörishofen"]
[White "Bachmann, Rolf"]
[Black "Svanholm, Borge Waaktaar"]
[Site "Bad Woerishofen"]
[Round "5.38"]
[Annotator "wempe"]
[Result "1/2-1/2"]
[Date "2024.??.??"]
[WhiteElo "1917"]
[BlackElo "1838"]
[PlyCount "64"]
[GameId "2104533665101533"]
[EventDate "2024.03.12"]

1. d4 Nf6 2. Nf3 g6 3. Bf4 Bg7 4. c3 O-O 5. h3 d6 6. Nbd2 b6 7. e3 Bb7 8. Bd3 Nbd7 9. O-O c5 10. Qe2 Rc8 11. Rfd1 Re8 12. Rac1 e5 13. dxe5 dxe5 14. Bg5 e4 15. Bb5 exf3 16. Nxf3 Bc6 17. Ba6 Ra8 18. Rd6 Qc7 19. Rcd1 Ne4 20. Rxc6 Qxc6 21. Bb5 Qb7 22. Rxd7 Qc8 23. Qc4 Re6 24. Rd8+ Qxd8 25. Bxd8 Rxd8 26. Ba4 h6 27. Bb3 Re7 28. Bc2 Rde8 29. g4 Nd6 30. Qd5 Re6 31. Kg2 Ne4 32. Bb3 Bf6 1/2-1/2

[Event "ChessOrg Schachfestival 2024 Bad Wörishofen"]
[White "Lie, Terje"]
[Black "Ellerbrock, Manfred"]
[Site "Bad Woerishofen"]
[Round "5.39"]
[Annotator "wempe"]
[Result "1/2-1/2"]
[Date "2024.??.??"]
[WhiteElo "1594"]
[BlackElo "1917"]
[PlyCount "81"]
[GameId "2104534714439398"]
[EventDate "2024.03.12"]

1. d4 d5 2. c4 e6 3. Nf3 Nf6 4. Nc3 c5 5. dxc5 Bxc5 6. e3 O-O 7. b3 dxc4 8. Bxc4 Qxd1+ 9. Nxd1 Bb4+ 10. Bd2 Bxd2+ 11. Nxd2 Rd8 12. Ke2 Nc6 13. f3 a6 14. Nb2 b5 15. Bd3 Nb4 16. Rhd1 Nxd3 17. Nxd3 Bb7 18. b4 Nd5 19. Rac1 Rac8 20. Ne4 Rxc1 21. Rxc1 f6 22. Nec5 Bc8 23. e4 Nb6 24. Nf4 Kf7 25. Rd1 Rxd1 26. Kxd1 e5 27. Nfd3 Nc4 28. Ke2 a5 29. bxa5 Nxa5 30. Nb4 Be6 31. a4 bxa4 32. Nxa4 Bc4+ 33. Kf2 Nb3 34. Nb6 Bb5 35. N4d5 Nd4 36. Nc7 Bc6 37. Nbd5 Bxd5 38. Nxd5 g6 39. h4 f5 40. exf5 gxf5 41. g4 1/2-1/2

[Event "ChessOrg Schachfestival 2024 Bad Wörishofen"]
[White "Kurpiela, Franz"]
[Black "Schmitt, Karl"]
[Site "Bad Woerishofen"]
[Round "5.40"]
[Annotator "wempe"]
[Result "1-0"]
[Date "2024.??.??"]
[WhiteElo "1800"]
[BlackElo "1906"]
[PlyCount "61"]
[GameId "2104543251687151"]
[EventDate "2024.03.12"]

1. e4 d6 2. d4 g6 3. Bc4 e6 4. Nf3 Bg7 5. O-O Ne7 6. Bg5 h6 7. Be3 O-O 8. Qd2 Kh7 9. Bd3 Nd7 10. h3 b6 11. c4 c5 12. Nc3 a6 13. Ne2 Bb7 14. Rad1 Qc7 15. Bc2 Rad8 16. Nh2 Nf6 17. d5 e5 18. f4 Nfg8 19. Ng3 Bc8 20. f5 gxf5 21. exf5 Nf6 22. Ng4 Neg8 23. Ne4 Nxe4 24. Bxe4 f6 25. Nh2 h5 26. g4 Bh6 27. g5 Bg7 28. g6+ Kh8 29. Qe2 Bh6 30. Qxh5 Qg7 31. Ng4 1-0

[Event "ChessOrg Schachfestival 2024 Bad Wörishofen"]
[White "Hansch, Klaus -Michael"]
[Black "Schoknecht, Sabine"]
[Site "Bad Woerishofen"]
[Round "5.41"]
[Annotator "wempe"]
[Result "1-0"]
[Date "2024.??.??"]
[WhiteElo "1900"]
[BlackElo "1816"]
[PlyCount "57"]
[GameId "2104543347119864"]
[EventDate "2024.03.12"]

1. d4 b6 2. Nf3 Bb7 3. g3 e6 4. Bg2 Be7 5. O-O d6 6. c4 h5 7. h4 Nf6 8. Nc3 Nh7 9. d5 g5 10. dxe6 fxe6 11. Qd3 Nf8 12. Nxg5 Bxg2 13. Kxg2 Nc6 14. f4 Qd7 15. e4 Bf6 16. Be3 O-O-O 17. a3 Qg7 18. Rad1 Rg8 19. Kh2 e5 20. Qd5 Ne7 21. Qd2 exf4 22. Bxf4 Nfg6 23. Be3 Ne5 24. Nd5 Ng4+ 25. Kh1 Nxe3 26. Qxe3 Bxg5 27. Qxg5 Qxg5 28. hxg5 Rge8 29. Nf6 1-0

[Event "ChessOrg Schachfestival 2024 Bad Wörishofen"]
[White "Lachat, Martin"]
[Black "Traversi, Carlo"]
[Site "Bad Woerishofen"]
[Round "5.42"]
[Annotator "wempe"]
[Result "1-0"]
[Date "2024.??.??"]
[WhiteElo "1742"]
[BlackElo "1676"]
[PlyCount "39"]
[GameId "2104545055250178"]
[EventDate "2024.03.12"]

1. c4 Nf6 2. d4 d5 3. cxd5 Nxd5 4. Nf3 g6 5. e4 Nf6 6. Nc3 Bg7 7. Bg5 c6 8. Be2 O-O 9. h3 Be6 10. O-O Na6 11. a3 Nc7 12. Rc1 Rc8 13. Qd2 Qd7 14. Ne5 Qe8 15. Bf4 Nd7 16. Nf3 Nf6 17. Ng5 Qd7 18. Nxe6 Nxe6 19. Be3 Rfd8 20. Rcd1 {unleserlich} 1-0

[Event "ChessOrg Schachfestival 2024 Bad Wörishofen"]
[White "Leser, Alfred"]
[Black "Schinnerl, Werner"]
[Site "Bad Woerishofen"]
[Round "5.43"]
[Annotator "wempe"]
[Result "1-0"]
[Date "2024.??.??"]
[WhiteElo "1825"]
[BlackElo "1983"]
[PlyCount "78"]
[GameId "2104545965983500"]
[EventDate "2024.03.12"]

1. d4 Nf6 2. Nc3 e6 3. Bf4 b6 4. e4 Bb4 5. f3 Bxc3+ 6. bxc3 Nh5 7. Be3 O-O 8. Bd3 f5 9. e5 f4 10. Bf2 Qg5 11. Kf1 g6 12. Qe1 Ba6 13. c4 Nc6 14. Ne2 Qe7 15. a3 Na5 16. Qc3 d6 17. Qb4 c5 18. exd6 Qf6 19. Qc3 Nb7 20. dxc5 bxc5 21. Rd1 Qxc3 22. Nxc3 Rfd8 23. Be2 Rac8 24. Ne4 h6 25. g3 Kf7 26. Kg2 e5 27. Rd5 Nf6 28. Rxe5 Nd7 29. Re7+ Kf8 30. Rh7 Nb6 31. Rd1 Nd7 32. Rxh6 Kg7 33. Rh4 Rf8 34. Rd5 fxg3 35. hxg3 Rc6 36. Be3 Rh8 37. Rg4 Re8 38. Bd2 Nf6 39. Bc3 Kf7 1-0

[Event "ChessOrg Schachfestival 2024 Bad Wörishofen"]
[White "Krasnopeyeva, Yuliya"]
[Black "Kleinhenz, Hans-Georg"]
[Site "Bad Woerishofen"]
[Round "5.44"]
[Annotator "wempe"]
[Result "1/2-1/2"]
[Date "2024.??.??"]
[WhiteElo "1950"]
[BlackElo "1833"]
[PlyCount "44"]
[GameId "2104546594019093"]
[EventDate "2024.03.12"]

1. e4 c6 2. d3 d5 3. Nf3 Bg4 4. Be2 Qc7 5. Nc3 dxe4 6. Nxe4 Nd7 7. h3 Bxf3 8. Bxf3 Ngf6 9. Ng3 g6 10. Be3 Bg7 11. Qd2 Nd5 12. Bxd5 cxd5 13. d4 O-O 14. O-O Rfc8 15. c3 b5 16. Ne2 e6 17. Bf4 Qc6 18. Rac1 a5 19. Bh6 Bf6 20. Bf4 Bg7 21. Bh6 Bf6 22. Bg5 Bg7 1/2-1/2

[Event "ChessOrg Schachfestival 2024 Bad Wörishofen"]
[White "Huber, Helmut"]
[Black "Ebner, Hermann"]
[Site "Bad Woerishofen"]
[Round "5.45"]
[Annotator "wempe"]
[Result "0-1"]
[Date "2024.??.??"]
[WhiteElo "1830"]
[BlackElo "1903"]
[PlyCount "48"]
[GameId "2104547256141598"]
[EventDate "2024.03.12"]

1. d4 d5 2. Bf4 Bf5 3. c4 dxc4 4. Nc3 c6 5. e4 Bg6 6. Bxc4 e6 7. Nf3 Bb4 8. Qe2 Nf6 9. Bd3 Qa5 10. Rc1 Qxa2 11. O-O Qa5 12. d5 O-O 13. dxe6 fxe6 14. Bxb8 Raxb8 15. Bc4 Rbe8 16. Nd4 Bf7 17. Ra1 Qb6 18. Rfd1 a5 19. Qc2 Qc5 20. Qb3 Qe7 21. Bd3 e5 22. Nf5 Bxb3 23. Nxe7+ Rxe7 24. Rdc1 Rd7 0-1

[Event "ChessOrg Schachfestival 2024 Bad Wörishofen"]
[White "Flockerzi, Armin"]
[Black "Schmieder, Siegfried"]
[Site "Bad Woerishofen"]
[Round "5.46"]
[Annotator "wempe"]
[Result "1/2-1/2"]
[Date "2024.??.??"]
[WhiteElo "1817"]
[BlackElo "1892"]
[PlyCount "106"]
[GameId "2104548408698663"]
[EventDate "2024.03.12"]

1. d4 f5 2. e3 Nf6 3. g3 d6 4. Bg2 Nc6 5. Nf3 g6 6. Nbd2 Bg7 7. b3 e5 8. dxe5 dxe5 9. Bb2 Qe7 10. O-O e4 11. Nd4 Nxd4 12. Bxd4 c5 13. Bb2 Be6 14. Qe2 O-O 15. Rad1 Nd5 16. Bxg7 Qxg7 17. Nb1 a6 18. c4 Nb4 19. f3 Qe5 20. Qe1 Nxa2 21. Rf2 Nb4 22. Qc3 Qxc3 23. Nxc3 exf3 24. Bxf3 Rab8 25. Rd6 Kf7 26. Rfd2 b5 27. Nd5 bxc4 28. bxc4 Rfd8 29. Rxd8 Rxd8 30. e4 fxe4 31. Bxe4 Nxd5 32. cxd5 Bd7 33. Rc2 Rc8 34. Rb2 Bb5 35. Kf2 Ke7 36. Ke3 Kd6 37. Rf2 Re8 38. Rf7 Re7 39. Rf6+ Ke5 40. Rb6 Bc4 41. d6 Rd7 42. Rb7 Kxd6 43. Rb6+ Ke7 44. Rc6 Ra7 45. Rxc5 Be6 46. Ra5 Bc4 47. h4 Bb5 48. Bd3 Rb7 49. Be4 Rc7 50. Ra3 Kd6 51. g4 Re7 52. Kd4 Rf7 53. Ke3 Rf1 1/2-1/2

[Event "ChessOrg Schachfestival 2024 Bad Wörishofen"]
[White "Zwetz, Anita"]
[Black "Moser, Andreas"]
[Site "Bad Woerishofen"]
[Round "5.47"]
[Annotator "wempe"]
[Result "1-0"]
[Date "2024.??.??"]
[WhiteElo "1887"]
[BlackElo "1819"]
[PlyCount "67"]
[GameId "2104548475402032"]
[EventDate "2024.03.12"]

1. d4 g6 2. Nf3 Bg7 3. Bf4 c5 4. e3 cxd4 5. exd4 Nf6 6. c3 O-O 7. Bd3 d5 8. Nbd2 Bg4 9. h3 Bxf3 10. Qxf3 Nc6 11. O-O Nh5 12. Rfe1 Nxf4 13. Qxf4 e6 14. Nf3 Qf6 15. Qg3 Rfe8 16. Ne5 Nxe5 17. dxe5 Qd8 18. Re2 a6 19. a4 Rc8 20. Qf4 Qc7 21. Qd4 Qc5 22. Qg4 h5 23. Qg3 Kh7 24. Qh4 Qe7 25. Qxh5+ Bh6 26. h4 Rc4 27. g3 Kg7 28. Qf3 Rcc8 29. Qg4 f5 30. exf6+ Qxf6 31. Rae1 Rc6 32. Re5 Rf8 33. f4 Rb6 34. Rxe6 1-0

[Event "ChessOrg Schachfestival 2024 Bad Wörishofen"]
[White "Bertz, Uwe"]
[Black "Mueggenburg, Rolf"]
[Site "Bad Woerishofen"]
[Round "5.48"]
[Annotator "wempe"]
[Result "1-0"]
[Date "2024.??.??"]
[WhiteElo "1880"]
[BlackElo "1781"]
[PlyCount "37"]
[GameId "2104549435451193"]
[EventDate "2024.03.12"]

1. Nf3 Nf6 2. d4 c6 3. c4 g6 4. Nc3 Bg7 5. e4 d5 6. e5 Ne4 7. Bd3 Nxc3 8. bxc3 Bg4 9. h3 Bxf3 10. Qxf3 e6 11. Ba3 Na6 12. Bd6 Qd7 13. cxd5 exd5 14. Bxa6 bxa6 15. O-O Bf8 16. Rfe1 Be7 17. Bxe7 Qxe7 18. Qf6 Rf8 19. Qxc6+ 1-0

[Event "ChessOrg Schachfestival 2024 Bad Wörishofen"]
[White "Schleime, Franz-Josef"]
[Black "Kolas, Matija"]
[Site "Bad Woerishofen"]
[Round "5.49"]
[Annotator "wempe"]
[Result "0-1"]
[Date "2024.??.??"]
[WhiteElo "1779"]
[BlackElo "1872"]
[PlyCount "86"]
[GameId "2104549911766850"]
[EventDate "2024.03.12"]

1. d4 d5 2. Nf3 e6 3. Bf4 f5 4. e3 Nf6 5. Bd3 Bd6 6. Bg3 c6 7. Nc3 O-O 8. Ne5 Qe7 9. Qe2 Nbd7 10. Nxd7 Bxd7 11. Bxd6 Qxd6 12. f4 Qb4 13. O-O Qxb2 14. Na4 Qa3 15. Nc5 b6 16. Nxd7 Nxd7 17. c4 Qe7 18. cxd5 cxd5 19. Rfc1 Nf6 20. Ba6 Qa3 21. Rc6 Rfe8 22. Rac1 Ne4 23. Rc7 Nc5 24. dxc5 Qxc1+ 25. Kf2 bxc5 26. Bb5 d4 27. Bxe8 Rxe8 28. Qh5 Qxe3+ 29. Kf1 Qxf4+ 30. Ke1 Rf8 31. Rxc5 Qe4+ 32. Kf2 Qe3+ 33. Kf1 Rb8 34. Qd1 d3 35. Rc6 Qe4 36. Rc3 Rd8 37. Rb3 Qf4+ 38. Kg1 Qe3+ 39. Kf1 e5 40. Rb2 e4 41. h3 Qf4+ 42. Kg1 e3 43. Qb3+ Kh8 0-1

[Event "ChessOrg Schachfestival 2024 Bad Wörishofen"]
[White "Weyand, Fernand"]
[Black "Bjorgvik, Jan Arne"]
[Site "Bad Woerishofen"]
[Round "5.50"]
[Annotator "wempe"]
[Result "1/2-1/2"]
[Date "2024.??.??"]
[WhiteElo "1752"]
[BlackElo "1858"]
[PlyCount "38"]
[GameId "2104550802126668"]
[EventDate "2024.03.12"]

1. Nf3 d5 2. d4 Nf6 3. Bf4 e6 4. e3 Bd6 5. Bg5 h6 6. Bh4 O-O 7. Nbd2 Be7 8. Bd3 Re8 9. Rc1 c6 10. c3 Nbd7 11. O-O Bd6 12. Bb1 e5 13. dxe5 Nxe5 14. Nxe5 Bxe5 15. Nf3 Bd6 16. Qd3 g6 17. Qd4 Kg7 18. Qxf6+ Qxf6 19. Bxf6+ Kxf6 1/2-1/2

[Event "ChessOrg Schachfestival 2024 Bad Wörishofen"]
[White "Schroeder, Klaus"]
[Black "Collins, Alan"]
[Site "Bad Woerishofen"]
[Round "5.51"]
[Annotator "wempe"]
[Result "1/2-1/2"]
[Date "2024.??.??"]
[WhiteElo "1857"]
[BlackElo "1743"]
[PlyCount "71"]
[GameId "2104587093809010"]
[EventDate "2024.03.12"]

1. Nf3 d6 2. g3 Nf6 3. Bg2 e5 4. d3 c6 5. O-O Be7 6. c4 O-O 7. Nc3 Na6 8. a3 Nc7 9. b4 Bd7 10. Rb1 Re8 11. a4 a6 12. Be3 Ne6 13. b5 axb5 14. axb5 Ra3 15. bxc6 bxc6 16. Qc2 Qa5 17. Bd2 Qa6 18. Rb2 Ra8 19. Rfb1 Ra1 20. h3 Rxb1+ 21. Qxb1 Qa1 22. Kh2 Qxb1 23. Rxb1 h6 24. e3 Kh7 25. Ne1 Ra7 26. Nc2 Nc5 27. Nb4 Rc7 28. d4 exd4 29. exd4 Ne6 30. Re1 d5 31. cxd5 Bxb4 32. dxe6 Bxe6 33. Ne4 Nxe4 34. Bxe4+ f5 35. Bxf5+ Bxf5 36. Bxb4 1/2-1/2

[Event "ChessOrg Schachfestival 2024 Bad Wörishofen"]
[White "Sakowski, Christian"]
[Black "Cremonini, Stefano"]
[Site "Bad Woerishofen"]
[Round "5.52"]
[Annotator "wempe"]
[Result "1/2-1/2"]
[Date "2024.??.??"]
[WhiteElo "1854"]
[BlackElo "1734"]
[PlyCount "52"]
[GameId "2104587117598587"]
[EventDate "2024.03.12"]

1. d4 d5 2. Nf3 c6 3. c3 Nf6 4. Bf4 Qb6 5. Qb3 Bf5 6. Nbd2 h6 7. h3 Nbd7 8. e3 e6 9. Be2 Be7 10. O-O O-O 11. Ne5 Nxe5 12. Bxe5 Qxb3 13. axb3 Ne4 14. Nxe4 Bxe4 15. f3 Bc2 16. b4 a6 17. Bc7 Rac8 18. Bb6 Bd6 19. Bc5 Rfd8 20. Kf2 Bc7 21. Be7 Re8 22. Bh4 e5 23. Bg3 exd4 24. Bxc7 Rxc7 25. exd4 Rce7 26. Rae1 f6 1/2-1/2

[Event "ChessOrg Schachfestival 2024 Bad Wörishofen"]
[White "Grandl, Klaus"]
[Black "Ganslmayer, Anton"]
[Site "Bad Woerishofen"]
[Round "5.53"]
[Annotator "wempe"]
[Result "1/2-1/2"]
[Date "2024.??.??"]
[WhiteElo "1726"]
[BlackElo "1852"]
[PlyCount "69"]
[GameId "2104587430557572"]
[EventDate "2024.03.12"]

1. e4 e5 2. Nf3 Nc6 3. h3 Nf6 4. d3 h6 5. Nc3 Bb4 6. Bd2 d6 7. a3 Bc5 8. b4 Bb6 9. Na4 O-O 10. Nxb6 axb6 11. Be2 Re8 12. O-O Bd7 13. Be3 Ne7 14. Nh2 Ng6 15. f4 exf4 16. Bxf4 Nxf4 17. Rxf4 Qe7 18. Ng4 Nd5 19. Rf2 Nc3 20. Qd2 Nxe2+ 21. Rxe2 Bxg4 22. hxg4 Qg5 23. Qxg5 hxg5 24. c4 Ra4 25. b5 Rea8 26. Rea2 f6 27. Kf2 Kf7 28. Ke3 Ke6 29. Kd4 g6 30. Kc3 Rh8 31. g3 Rh3 32. Kb3 Ra8 33. Rg2 Rah8 34. Rga2 Rh1 35. Kc3 1/2-1/2

[Event "ChessOrg Schachfestival 2024 Bad Wörishofen"]
[White "Kundt, Guenther"]
[Black "Sombetzki, Detlef"]
[Site "Bad Woerishofen"]
[Round "5.54"]
[Annotator "wempe"]
[Result "1/2-1/2"]
[Date "2024.??.??"]
[WhiteElo "1851"]
[BlackElo "1719"]
[PlyCount "29"]
[GameId "2104587972114335"]
[EventDate "2024.03.12"]

1. d4 d5 2. c4 c6 3. Nf3 Nf6 4. Nc3 e6 5. e3 Bd6 6. Qc2 O-O 7. Bd3 h6 8. O-O Nbd7 9. b3 dxc4 10. bxc4 e5 11. d5 Qc7 12. e4 b6 13. Bd2 Ba6 14. Rfe1 Nc5 15. Bf1 1/2-1/2

[Event "ChessOrg Schachfestival 2024 Bad Wörishofen"]
[White "Loibl, Johann"]
[Black "Heid, Magdalene"]
[Site "Bad Woerishofen"]
[Round "5.55"]
[Annotator "wempe"]
[Result "1-0"]
[Date "2024.??.??"]
[WhiteElo "1843"]
[BlackElo "1714"]
[PlyCount "65"]
[GameId "2104588253054890"]
[EventDate "2024.03.12"]

1. e4 e6 2. Qe2 c5 3. Nf3 Nc6 4. g3 Nge7 5. Bg2 d5 6. d3 b6 7. O-O d4 8. e5 Ba6 9. Ng5 h6 10. Bxc6+ Nxc6 11. Nxf7 Kxf7 12. Qf3+ Kg8 13. Qxc6 Qc8 14. Qxc8 Rxc8 15. b3 Be7 16. Nd2 g5 17. Ne4 Kg7 18. f4 g4 19. Bd2 Kg6 20. Rf2 Kf5 21. Re1 Bb7 22. Rfe2 Bd5 23. Nd6+ Bxd6 24. exd6 Rcd8 25. Re5+ Kf6 26. f5 Rxd6 27. fxe6 Bxe6 28. Bf4 Rc6 29. R5e4 Rh7 30. Be5+ Kg5 31. Bxd4 cxd4 32. Rxe6 Rxc2 33. R1e5# 1-0

[Event "ChessOrg Schachfestival 2024 Bad Wörishofen"]
[White "Niesswohl, Werner"]
[Black "Wunderlich, Frank"]
[Site "Bad Woerishofen"]
[Round "5.56"]
[Annotator "wempe"]
[Result "0-1"]
[Date "2024.??.??"]
[WhiteElo "1699"]
[BlackElo "1843"]
[PlyCount "70"]
[GameId "2104589151705011"]
[EventDate "2024.03.12"]

1. d4 Nf6 2. c4 d6 3. Nc3 g6 4. e4 Bg7 5. Nf3 O-O 6. Be2 Na6 7. a3 c5 8. d5 Nc7 9. Bg5 a6 10. O-O b5 11. cxb5 axb5 12. Qc2 Rb8 13. h3 b4 14. axb4 Rxb4 15. Bd2 Bd7 16. Ra3 Qb8 17. Rb1 Qb7 18. b3 Rb8 19. Bc4 Rb6 20. Na4 Nb5 21. Ra2 Ra6 22. Nc3 Rxa2 23. Nxa2 Na3 24. Qd3 Nxb1 25. Qxb1 Bb5 26. Qe1 Bxc4 27. bxc4 Qb1 28. Nc3 Qxe1+ 29. Bxe1 Rb2 30. e5 dxe5 31. Nxe5 Nxd5 32. Nxd5 Bxe5 33. Nxe7+ Kf8 34. Nc6 Rb1 35. f3 Bc3 0-1

[Event "ChessOrg Schachfestival 2024 Bad Wörishofen"]
[White "Willer, Walter"]
[Black "Christoffersen, Odd"]
[Site "Bad Woerishofen"]
[Round "5.58"]
[Annotator "wempe"]
[Result "1/2-1/2"]
[Date "2024.??.??"]
[WhiteElo "1835"]
[BlackElo "1701"]
[PlyCount "80"]
[GameId "2104590581131205"]
[EventDate "2024.03.12"]

1. d4 Nf6 2. e3 b6 3. Be2 Bb7 4. Bf3 d5 5. Ne2 e6 6. Nd2 Be7 7. c3 Nbd7 8. Qc2 O-O 9. Ng3 Re8 10. O-O e5 11. Be2 Rc8 12. dxe5 Nxe5 13. Nf3 Nxf3+ 14. Bxf3 c5 15. b3 Qc7 16. Bb2 c4 17. b4 Bf8 18. Rad1 g6 19. Ne2 Bg7 20. Nd4 a6 21. Rd2 Ne4 22. Bxe4 dxe4 23. Rfd1 Rcd8 24. Ne2 f5 25. Nf4 Kf7 26. g3 Be5 27. Ng2 Ke7 28. Ne1 Bc6 29. Kf1 g5 30. a4 Rxd2 31. Rxd2 Rd8 32. Rxd8 Qxd8 33. Ba3 b5 34. a5 h5 35. Bb2 Qd5 36. Qe2 Be8 37. f3 g4 38. fxg4 hxg4 39. Ng2 Qd3 40. Ne1 Qd6 1/2-1/2

[Event "ChessOrg Schachfestival 2024 Bad Wörishofen"]
[White "Mitterholzer, Helmuth"]
[Black "Hackbarth, Christa"]
[Site "Bad Woerishofen"]
[Round "5.59"]
[Annotator "wempe"]
[Result "1/2-1/2"]
[Date "2024.??.??"]
[WhiteElo "1644"]
[BlackElo "1833"]
[PlyCount "31"]
[GameId "2104591000881121"]
[EventDate "2024.03.12"]

1. e4 c6 2. d4 d5 3. e5 Bf5 4. Bd3 Bxd3 5. Qxd3 e6 6. Nf3 c5 7. Qb5+ Qd7 8. Qxd7+ Nxd7 9. c3 cxd4 10. cxd4 Rc8 11. Nc3 a6 12. Bd2 Nb6 13. b3 Ba3 14. Rb1 Ne7 15. O-O O-O 16. Na4 1/2-1/2

[Event "ChessOrg Schachfestival 2024 Bad Wörishofen"]
[White "Babenko, Aleksej"]
[Black "Klimpel, Siegfried"]
[Site "Bad Woerishofen"]
[Round "5.60"]
[Annotator "wempe"]
[Result "1-0"]
[Date "2024.??.??"]
[WhiteElo "1819"]
[BlackElo "1848"]
[PlyCount "64"]
[GameId "2104591328536556"]
[EventDate "2024.03.12"]

1. Nf3 d5 2. c4 dxc4 3. Qa4+ Nc6 4. Qxc4 Be6 5. Qh4 g6 6. e3 Bg7 7. Nc3 Nh6 8. Be2 Nf5 9. Qa4 Bd7 10. Qd1 O-O 11. O-O e5 12. a3 Re8 13. Ne4 Qe7 14. d3 b6 15. Nfd2 Rad8 16. Rb1 Be6 17. b4 Nd6 18. Qc2 Nxe4 19. Nxe4 Bd5 20. Nc3 Qe6 21. Nxd5 Rxd5 22. Bb2 Re7 23. Rfc1 Rd6 24. h3 Qf5 25. Qa4 Rf6 26. Bf3 Nd8 27. Qxa7 Ne6 28. Qa8+ Bf8 29. Qe4 Qxe4 30. Bxe4 Ng5 31. Bd5 Rd6 32. e4 Kg7 1-0

[Event "ChessOrg Schachfestival 2024 Bad Wörishofen"]
[White "Lein, Andreas"]
[Black "Eigenmann, Christina"]
[Site "Bad Woerishofen"]
[Round "5.61"]
[Annotator "wempe"]
[Result "1-0"]
[Date "2024.??.??"]
[WhiteElo "1831"]
[BlackElo "1799"]
[PlyCount "77"]
[GameId "2104591977404421"]
[EventDate "2024.03.12"]

1. d4 d5 2. c4 c6 3. Nf3 Bf5 4. Nc3 Nd7 5. cxd5 cxd5 6. Nxd5 e6 7. Nc3 h6 8. g3 Bb4 9. Bd2 Rc8 10. a3 Be7 11. Bg2 Ngf6 12. O-O a6 13. Nh4 b5 14. Nxf5 exf5 15. e4 fxe4 16. Nxe4 Nxe4 17. Bxe4 Nf6 18. Bb7 Rc7 19. Ba5 Qd7 20. Bxc7 Qxc7 21. Bg2 O-O 22. Rc1 Qb8 23. d5 Rd8 24. Rc6 Rd6 25. Qc2 Rxc6 26. Qxc6 Qe5 27. Qxa6 Qxb2 28. d6 Bf8 29. Qc8 Qxa3 30. d7 Nxd7 31. Qxd7 b4 32. Rb1 Qa2 33. Qd3 Bc5 34. Qf1 Qc2 35. Bd5 Qf5 36. Rd1 Qc2 37. Rd3 Bxf2+ 38. Kh1 Qc5 39. Qd1 1-0